000 00810nam a2200277Ia 4500
003 OSt
005 20221005092926.0
006 a|||||r|||| 00| 0
007 ta
008 221004b |||||||| |||| 00| 0 eng d
020 _a0415390885 (pbk)
_c375
024 _a98591
037 _bINDXL/CLDU/139/08-09, 24/12/2009, Index International
_cTextual
040 _aCRL
_cCRL
_beng
041 _2eng
_aeng
082 _aG91, P6
100 _aBaker S.
_968365
245 0 _aInstant notes
_b Microbiology
250 _a3rd
260 _aNew York
_bTaylor & Francis USA
_c2006
300 _aix,427p.
_ccm.
650 _aBIOLOGY
700 _a Nicklin J.
942 _hG91, P6
_cTEXL
_2cc
999 _c999567
_d999567